The Amritsar massacre : (Record no. 136604)
[ view plain ]
| 000 -LEADER | |
|---|---|
| fixed length control field | 00462nam a22001697a 4500 |
| 005 - DATE AND TIME OF LATEST TRANSACTION | |
| control field | 20250109120534.0 |
| 008 - FIXED-LENGTH DATA ELEMENTS--GENERAL INFORMATION | |
| fixed length control field | 250109b |||||||| |||| 00| 0 eng d |
| 020 ## - INTERNATIONAL STANDARD BOOK NUMBER | |
| International Standard Book Number | 0907675395 |
| 040 ## - CATALOGING SOURCE | |
| Transcribing agency | PK-LaUMT |
| 082 ## - DEWEY DECIMAL CLASSIFICATION NUMBER | |
| Classification number | 954.0357 |
| Item number | DRA-A |
| 100 ## - MAIN ENTRY--PERSONAL NAME | |
| Personal name | Draper, Alfred |
| 245 ## - TITLE STATEMENT | |
| Title | The Amritsar massacre : |
| Remainder of title | twilight of the raj / |
| Statement of responsibility, etc | by Alfred Draper |
| 260 ## - PUBLICATION, DISTRIBUTION, ETC. (IMPRINT) | |
| Place of publication, distribution, etc | London : |
| Name of publisher, distributor, etc | Ashfor ,Buchan & Enright, |
| Date of publication, distribution, etc | 1993 |
| 300 ## - PHYSICAL DESCRIPTION | |
| Extent | 301 p. |
| 546 ## - LANGUAGE NOTE | |
| Language note | Eng |
| 942 ## - ADDED ENTRY ELEMENTS (KOHA) | |
| Koha item type | Books |
| Withdrawn status | Lost status | Damaged status | Home library | Current library | Date acquired | Full call number | Barcode | Date last seen | Price effective from | Koha item type |
|---|---|---|---|---|---|---|---|---|---|---|
| UMT Main Campus | UMT Main Campus | 2025-01-09 | 954.0357 DRA-A | 148383 | 2025-01-09 | 2025-01-09 | Books |
